000 01824nam a2200361Ia 4500
001 ebr10196592
003 CaPaEBR
006 m u
007 cr cn|||||||||
008 070626s2007 ne a sb 101 0 eng d
020 _z9781586037543
020 _z1586037544
040 _aCaPaEBR
_cCaPaEBR
035 _a(OCoLC)491262246
050 1 4 _aHV6431
_b.N385 2006eb
111 2 _aNATO Advanced Research Workshop on Sociological and Psychological Aspects of Terrorism
_d(2006 :
_cWashington, D.C.)
245 1 0 _aUnderstanding terrorism
_h[electronic resource] :
_banalysis of sociological and psychological aspects /
_cedited by Suleyman Ozeren, Ismail Dincer Gunes and Diab M. Al-Badayneh.
260 _aAmsterdam ;
_aWashington, DC :
_bIOS Press,
_c2007.
300 _axv, 325 p. :
_bill.
490 1 _aNATO security through science series. E, Human and societal dynamics ;
_vv. 22
500 _a"Proceedings of the NATO Advanced Research Workshop on Sociological and Psychological Aspects of Terrorism, Washington DC, USA, 8-9 September 2006"--t.p. verso.
504 _aIncludes bibliographical references and index.
533 _aElectronic reproduction.
_bPalo Alto, Calif. :
_cebrary,
_d2009.
_nAvailable via World Wide Web.
_nAccess may be limited to ebrary affiliated libraries.
650 0 _aTerrorism
_xPsychological aspects
_vCongresses.
650 0 _aTerrorism
_xSocial aspects
_vCongresses.
655 7 _aElectronic books.
_2local
700 1 _aOzeren, Suleyman.
700 1 _aGunes, Ismail Dincer.
700 1 _aAl-Badayneh, Diab M.
710 2 _aebrary, Inc.
830 0 _aNATO security through science series.
_nE,
_pHuman and societal dynamics ;
_vv. 22.
856 4 0 _uhttp://site.ebrary.com/lib/rucke/Doc?id=10196592
_zAn electronic book accessible through the World Wide Web; click to view
999 _c115597
_d115597